000 00309nam a2200145Ia 4500
100 _aVijayakumari G
942 _cBK
366 _f20
654 _aphysics
245 _aEngineering physics
260 _bVikas Publishing House
_aMumbai
_c2006
082 _a621/VIJ
_bVIJ
546 _aENGLISH
999 _c23627
_d23627